000 00873nam a2200265 i 4500
001 000036180
003 DO-SdBNP
005 20240418073801.0
007 ta
008 120110s2012 dr 000 0 spa d
020 _a9789993475248
040 _aDO-SdBNP
_bspa
_cBNPHU
_erda
082 4 _222
100 1 _aCollado, Miguel A.,
_d1954-
_eautor
_924696
245 1 3 _aLa mentira es una telaraña :
_b(reflexiones y pensamientos) /
_cMiguel Collado.
264 _aSanto Domingo :
_bCentro de Comunicaciones Bibliográficas (CEDIBIL),
_c2012.
300 _a175 páginas :
_bilustraciones, retratos ;
_c2012.
336 _2rdacontent
_atexto
_btxt
337 _2rdamedia
_asin mediación
_bn
338 _2rdacarrier
_avolumen
_bnc
500 _aIncluye datos biográfico del autor en la solapa
590 _aInventariado, 2023/BT
910 _aBtavárez
942 _2ddc
_cLBS1
999 _c35671
_d35671